| 000 | 00608nam a2200253Ia 4500 | ||
|---|---|---|---|
| 008 | 181129s9999 xx 000 0 und d | ||
| 020 | _a9780545007221 | ||
| 050 | _bA759 2008 | ||
| 100 | _aArnold, Tedd | ||
| 245 | 0 | _aFly high, fly guy! / | |
| 245 | 0 | _cby Tedd Arnold. | |
| 260 | _aNew York, NY : | ||
| 260 | _bScholastic, | ||
| 260 | _c2008 | ||
| 300 | _a30 pages : | ||
| 300 | _bcolor illustrations ; | ||
| 300 | _c22cm. | ||
| 500 | _a270L | ||
| 650 | _aAutomobile travel -- | ||
| 650 | _aFlies -- | ||
| 650 | _xJuvenile fiction. | ||
| 650 | _xJuvenile literature. | ||
| 700 | _aTitle. | ||
| 999 |
_c359874 _d359874 |
||